Statistics for U.S. History by Letter- H

Click here to take the quiz!

General Stats

  • This quiz has been taken 272 times
  • The average score is 9 of 18

Answer Stats

HintAnswer% Correct
First US college, founded 1636Harvard
95%
President for only 32 daysWilliam Henry Harrison
85%
First Secretary of Treasury, killed in duelAlexander Hamilton
84%
Businessman president blamed for DepressionHerbert Hoover
84%
Zeppelin that exploded in Lakehurst, NJHindenburg
76%
"Give me liberty, or give me death!"Patrick Henry
61%
Texan war hero and presidentSam Houston
58%
Town raided by John Brown in 1859Harper's Ferry
56%
Wrote "The Scarlet Letter"Nathaniel Hawthorne
55%
Scandal-ridden president, died in officeWarren Harding
55%
British-hired mercenaries during the RevolutionHessians
54%
Newspaper magnate with a CA mansionWilliam Randolph Hearst
49%
1862 act providing Western landsHomestead Act
35%
Virginia colonial congressHouse of Burgesses
15%
1886 bombing of a peaceful labor demonstrationHaymarket Riot
13%
State Department official accused of being a Communist spy in 1948Alger Hiss
12%
An influential poet, his son a Supreme Court justiceOliver Wendell Holmes
11%
US Civil War general and 1880 presidential candidateWinfield Scott Hancock
11%

Score Distribution

Percentile by Number Answered

Percent of People with Each Score

Your Score History

You have not taken this quiz